000
00329 a2200157 4500
001
150225
040
_c
Escola São Tomás de Aquino
100
_a
TRAMBAIOLLI, Egidio Neto
240
1
0
_a
A missão
_l
por
245
1
0
_a
A missão
300
_a
80
362
0
_a
1998
440
1
_a
FTD
697
_a
MATEMÁTICA
942
_c
BK
999
_c
150225
_d
150225